Central Library OPAC University of Rajshahi

Mammals of the Great Lakes region / (Record no. 12309)

MARC details
000 -LEADER
fixed length control field 00891cam a22002531 4500
001 - CONTROL NUMBER
control field 12309
003 - CONTROL NUMBER IDENTIFIER
rucl marc code BD-RjUL
005 - DATE AND TIME OF LATEST TRANSACTION
control field 20211208235254.0
008 - FIXED-LENGTH DATA ELEMENTS--GENERAL INFORMATION
fixed length control field 140128s1957 miuab b s001 0 eng d
035 ## - SYSTEM CONTROL NUMBER
System control number (BD-RjUL)12358
040 ## - CATALOGING SOURCE
Original cataloging agency DLC/ICU
Transcribing agency ICU
Modifying agency DLC
-- (BD-RjUL)
Language of cataloging eng
041 ## - LANGUAGE CODE
Language code of text/sound track or separate title eng
082 00 - DEWEY DECIMAL CLASSIFICATION NUMBER
Classification number 599
Author mark and year BUM 1957
100 1# - MAIN ENTRY--PERSONAL NAME
Personal name Burt, William Henry,
Dates associated with a name 1903-
9 (RLIN) 38235
245 10 - TITLE STATEMENT
Title Mammals of the Great Lakes region /
Statement of responsibility, etc. By Burt, William Henry,
260 ## - PUBLICATION, DISTRIBUTION, ETC. (IMPRINT)
Place of publication, distribution, etc. Ann Arbor :
Name of publisher, distributor, etc. University of Michigan Pres ,
Date of publication, distribution, etc. c1957
300 ## - PHYSICAL DESCRIPTION
Pagination xv, 246 p. :
Illustrations illus., maps. ;
Size 23 cm.
500 ## - GENERAL NOTE
General note "Revision of [the author's] The mammals of Michigan, with species added to include the area surrounding the Great Lakes."
504 ## - BIBLIOGRAPHY, ETC. NOTE
Bibliography, etc Includes Bibliography and Index
650 #0 - SUBJECT ADDED ENTRY--TOPICAL TERM
Topical term or geographic name as entry element Mammals
Geographic subdivision Great Lakes Region (North America)
9 (RLIN) 38236
942 ## - ADDED ENTRY ELEMENTS (KOHA)
Source of classification or shelving scheme Dewey Decimal Classification
Koha item type Books
Holdings
Lost status Source of classification or shelving scheme Damaged status Not for loan Collection code Permanent Location Current Location Shelving location Date acquired Source of acquisition Total Checkouts Full call number Date last seen Copy number Koha item type
  Dewey Decimal Classification   Not For Loan Non-fiction Central Library, University of Rajshahi Central Library, University of Rajshahi Reading Room 03/06/1966 Asia foundation Gift   599 BUM 1957 28/01/2014 C-1 Books